[Event "Cesenatico op-A 20th"]
[Site "Cesenatico"]
[Date "2016.09.06"]
[Round "4"]
[White "Ljubisavljevic, Zivojin Z"]
[Black "Gennaro, Isabella"]
[Result "1-0"]
[WhiteElo "2136"]
[BlackElo "1849"]
[PlyCount "23"]
[EventDate "2016.09.03"]
[EventType "swiss"]
[EventRounds "9"]
[EventCountry "ITA"]
[SourceTitle "EXT 2024"]
[Source "ChessBase"]
[SourceDate "2023.10.10"]
[SourceVersion "1"]
[SourceVersionDate "2023.10.10"]
[SourceQuality "1"]

1. c4 e5 2. Nc3 Nf6 3. g3 Nc6 4. Bg2 Bb4 5. Nd5 Nxd5 6. cxd5 Nd4 7. e3 Nf5 8. Qg4 Nd4 9. exd4 0-0 10. dxe5 Qe7 11. Nf3 d6 12. Qxb4 1-0

[Event "Presolana op 35th"]
[Site "Presolana"]
[Date "2015.08.25"]
[Round "3"]
[White "De Maria, Isaia"]
[Black "Gennaro, Isabella"]
[Result "0-1"]
[WhiteElo "1794"]
[BlackElo "1875"]
[PlyCount "82"]
[EventDate "2015.08.23"]
[EventType "swiss"]
[EventRounds "8"]
[EventCountry "ITA"]
[SourceTitle "EXT 2024"]
[Source "ChessBase"]
[SourceDate "2023.10.10"]
[SourceVersion "1"]
[SourceVersionDate "2023.10.10"]
[SourceQuality "1"]

1. e4 c5 2. c3 Nf6 3. e5 Nd5 4. Nf3 Nc6 5. d4 cxd4 6. cxd4 d6 7. Bc4 Nb6 8. Bb5 d5 9. Nc3 e6 10. Bg5 Be7 11. Bxe7 Qxe7 12. 0-0 0-0 13. Rc1 Bd7 14. Bd3 Nb4 15. Bb1 Nc4 16. a3 Nc6 17. Qd3 g6 18. Qe2 f6 19. Rfe1 fxe5 20. dxe5 a6 21. Nd1 N6a5 22. Bd3 Rac8 23. Ne3 Nb3 24. Rc2 Rxf3 25. Qxf3 Nd4 26. Qg3 Nxc2 27. Nxc2 Nxb2 28. Rb1 Nxd3 29. Qxd3 Qc5 30. Nd4 Qc7 31. f4 Qc5 32. Kf1 Rf8 33. g3 g5 34. Qe3 gxf4 35. gxf4 Qc4+ 36. Ne2 Bb5 37. Re1 Rxf4+ 38. Kg2 Qe4+ 39. Qxe4 Rxe4 40. Kf3 Bxe2+ 41. Kf2 Bc4 0-1

[Event "Bratto op-B 34th"]
[Site "Bratto"]
[Date "2014.08.23"]
[Round "1"]
[White "Oppici, Gabriele"]
[Black "Gennaro, Isabella"]
[Result "1-0"]
[WhiteElo "1963"]
[BlackElo "1819"]
[PlyCount "77"]
[EventDate "2014.08.23"]
[EventType "swiss"]
[EventRounds "8"]
[EventCountry "ITA"]
[SourceTitle "EXT 2017"]
[Source "ChessBase"]
[SourceDate "2016.10.25"]
[SourceVersion "1"]
[SourceVersionDate "2016.10.25"]
[SourceQuality "1"]

1. d4 d5 2. Nf3 Nf6 3. Bf4 e6 4. e3 c5 5. c3 Be7 6. Bd3 0-0 7. Ne5 Nbd7 8. Nd2 h6 9. h4 c4 10. Bc2 b5 11. g4 Nxe5 12. dxe5 Ne4 13. Nxe4 dxe4 14. Bxe4 Rb8 15. g5 Qxd1+ 16. Rxd1 h5 17. g6 Bb7 18. gxf7+ Rxf7 19. Bxb7 Rxb7 20. Ke2 Rf5 21. Bg3 Bc5 22. Rd8+ Rf8 23. Rhd1 Rxd8 24. Rxd8+ Kf7 25. f4 b4 26. Be1 Be7 27. Rd4 bxc3 28. Bxc3 Bxh4 29. Rxc4 Bd8 30. e4 g6 31. Rc8 Rd7 32. Rc6 h4 33. f5 Re7 34. Kf3 exf5 35. exf5 gxf5 36. Rf6+ Kg7 37. Rxf5 Kg6 38. Rf6+ Kg5 39. Bd2+ 1-0

[Event "Milan SSM op 07"]
[Site "Milan"]
[Date "2014.07.06"]
[Round "5"]
[White "Gennaro, Isabella"]
[Black "Papale, Carmelo"]
[Result "1/2-1/2"]
[WhiteElo "1793"]
[BlackElo "1826"]
[PlyCount "53"]
[EventDate "2014.07.03"]
[EventType "swiss"]
[EventRounds "5"]
[EventCountry "ITA"]
[SourceTitle "EXT 2016"]
[Source "ChessBase"]
[SourceDate "2015.10.08"]
[SourceVersion "1"]
[SourceVersionDate "2015.10.08"]
[SourceQuality "1"]

1. e4 c5 2. Nf3 d6 3. d4 cxd4 4. Nxd4 Nf6 5. Nc3 a6 6. Be2 e5 7. Nb3 Be7 8. 0-0 0-0 9. Be3 Be6 10. Kh1 Qc7 11. f4 Nbd7 12. f5 Bc4 13. Nd2 Bxe2 14. Qxe2 b5 15. a3 Rfd8 16. g4 d5 17. g5 d4 18. gxf6 Nxf6 19. Nd1 dxe3 20. Nxe3 Qc6 21. Qg2 Bc5 22. Rae1 Rd7 23. Nb3 Bb6 24. Ng4 Nxg4 25. Qxg4 f6 26. Qg2 Rad8 27. Rf3 1/2-1/2

[Event "Milan SSM op 07"]
[Site "Milan"]
[Date "2014.07.03"]
[Round "1"]
[White "Gennaro, Isabella"]
[Black "Bracco, Valter"]
[Result "1/2-1/2"]
[WhiteElo "1793"]
[BlackElo "1470"]
[PlyCount "78"]
[EventDate "2014.07.03"]
[EventType "swiss"]
[EventRounds "5"]
[EventCountry "ITA"]
[SourceTitle "EXT 2016"]
[Source "ChessBase"]
[SourceDate "2015.10.08"]
[SourceVersion "1"]
[SourceVersionDate "2015.10.08"]
[SourceQuality "1"]

1. e4 c5 2. Nf3 e6 3. d4 cxd4 4. Nxd4 a6 5. Nc3 b5 6. a3 Bb7 7. Bd3 Bc5 8. Nf3 Nf6 9. 0-0 Be7 10. Be3 d6 11. e5 dxe5 12. Nxe5 Nc6 13. Nf3 0-0 14. Qe2 Qc7 15. Bg5 Rfe8 16. Ne4 Nd5 17. Bxe7 Rxe7 18. Neg5 g6 19. Ne4 Nf4 20. Qd2 Nxd3 21. cxd3 Rd8 22. Qh6 f5 23. Nf6+ Kh8 24. Nh4 Rg7 25. Rfe1 Qf7 26. Qg5 Rf8 27. Nxh7 Kxh7 28. Re3 Qf6 29. Nf3 Nd8 30. Qf4 Qxb2 31. Ng5+ Kg8 32. Rf1 Qf6 33. Rfe1 Re7 34. Qh4 Rfe8 35. Rh3 Qg7 36. Qb4 Qf6 37. Qh4 Qg7 38. Qb4 Qf6 39. Qh4 Qg7 1/2-1/2

[Event "Arvier Amatori op 4th"]
[Site "Arvier"]
[Date "2014.01.03"]
[Round "2"]
[White "Bagnod, Ruben"]
[Black "Gennaro, Isabella"]
[Result "0-1"]
[WhiteElo "1386"]
[BlackElo "1767"]
[PlyCount "74"]
[EventDate "2014.01.02"]
[EventType "swiss"]
[EventRounds "5"]
[EventCountry "ITA"]
[SourceTitle "EXT 2015"]
[Source "ChessBase"]
[SourceDate "2014.11.20"]
[SourceVersion "1"]
[SourceVersionDate "2014.11.20"]
[SourceQuality "1"]

1. e4 c5 2. Nc3 Nc6 3. Bc4 e6 4. d3 Nf6 5. Bg5 Be7 6. Nf3 Nxe4 7. dxe4 Bxg5 8. 0-0 Be7 9. e5 f6 10. Bb5 0-0 11. Qe2 Na5 12. Bd3 d5 13. Nh4 f5 14. Qh5 Bxh4 15. g4 c4 16. Be2 a6 17. b4 Nc6 18. Na4 Bd7 19. Nc5 Be8 20. Nxe6 Qe7 21. Qxf5 Rxf5 22. gxf5 Bd7 23. Bg4 Bxe6 24. fxe6 Nxe5 25. Bf5 Qg5+ 26. Kh1 Qxf5 27. f4 Qe4+ 28. Kg1 Nf3+ 29. Rxf3 Qxf3 30. Rf1 Qe3+ 31. Kg2 Rf8 32. f5 Qg5+ 33. Kh3 Rxf5 34. Rxf5 Qxf5+ 35. Kxh4 g5+ 36. Kh5 Qf4 37. h3 Qh4# 0-1

[Event "Ivrea Autumn Cup 24th"]
[Site "Ivrea"]
[Date "2013.10.24"]
[Round "3"]
[White "Gennaro, Isabella"]
[Black "Castaldo, Antonio"]
[Result "0-1"]
[WhiteElo "1734"]
[BlackElo "1557"]
[PlyCount "86"]
[EventDate "2013.10.10"]
[EventType "swiss"]
[EventRounds "9"]
[EventCountry "ITA"]
[SourceTitle "EXT 2017"]
[Source "ChessBase"]
[SourceDate "2016.10.25"]
[SourceVersion "1"]
[SourceVersionDate "2016.10.25"]
[SourceQuality "1"]

1. e4 d6 2. d4 Nf6 3. Nc3 g6 4. Bg5 Bg7 5. f4 0-0 6. Nf3 Nbd7 7. e5 dxe5 8. dxe5 Ne8 9. Nd5 f6 10. Bc4 Kh8 11. Bh4 c6 12. Nc3 Qc7 13. Qe2 b5 14. Bb3 Nc5 15. 0-0 b4 16. Nd1 Ba6 17. Bc4 Qb6 18. Bf2 Qa5 19. Kh1 Bxc4 20. Qxc4 Qa6 21. Ne3 Qxc4 22. Nxc4 Ne4 23. Bg1 Nc7 24. Na5 c5 25. a3 bxa3 26. Rxa3 fxe5 27. Re3 Rxf4 28. g3 Rg4 29. Nc6 Nd5 30. Re2 a6 31. Ncxe5 Nxg3+ 32. hxg3 Rxg3 33. Nf7+ Kg8 34. N3e5 Rf8 35. Ref2 Ne3 36. Nd7 Rh3+ 37. Bh2 Nxf1 38. Nxf8 Rxh2+ 39. Rxh2 Nxh2 40. Ne6 Kxf7 41. Ng5+ Kf6 42. Nxh7+ Kf5 43. Kxh2 Bxb2 0-1

[Event "Quarantennale op-B"]
[Site "Cirie"]
[Date "2013.04.30"]
[Round "5"]
[White "Gennaro, Isabella"]
[Black "Borghi, Dario"]
[Result "1-0"]
[WhiteElo "1680"]
[BlackElo "1747"]
[PlyCount "43"]
[EventDate "2013.04.27"]
[EventType "swiss"]
[EventRounds "6"]
[EventCountry "ITA"]
[SourceTitle "EXT 2024"]
[Source "ChessBase"]
[SourceDate "2023.10.10"]
[SourceVersion "1"]
[SourceVersionDate "2023.10.10"]
[SourceQuality "1"]

1. e4 e5 2. Nf3 Nc6 3. Bb5 a6 4. Ba4 b5 5. Bb3 Nf6 6. 0-0 Be7 7. Re1 d6 8. h3 Bb7 9. c3 0-0 10. d3 h6 11. Nbd2 Re8 12. Nf1 Bf8 13. Ng3 Ne7 14. Be3 c5 15. Bxc5 dxc5 16. Nxe5 c4 17. dxc4 Qxd1 18. Raxd1 Nc8 19. Nxf7 Kxf7 20. cxb5+ Kg6 21. e5 Nh5 22. Nxh5 1-0

[Event "Ivrea Autumn Cup 23rd"]
[Site "Ivrea"]
[Date "2012.10.27"]
[Round "5"]
[White "Chiarotto, Filippo"]
[Black "Gennaro, Isabella"]
[Result "1-0"]
[WhiteElo "2078"]
[BlackElo "1651"]
[PlyCount "63"]
[EventDate "2012.09.22"]
[EventType "swiss"]
[EventRounds "9"]
[EventCountry "ITA"]
[SourceTitle "EXT 2014"]
[Source "ChessBase"]
[SourceDate "2013.11.20"]
[SourceVersion "1"]
[SourceVersionDate "2013.11.20"]
[SourceQuality "1"]

1. e4 c5 2. Nf3 Nc6 3. Bb5 e6 4. 0-0 Nge7 5. Re1 a6 6. Bf1 g6 7. c3 d5 8. e5 Bg7 9. d4 Qb6 10. dxc5 Qxc5 11. Nbd2 0-0 12. Nb3 Qb6 13. Bf4 Rd8 14. Qd2 Qc7 15. Nbd4 b5 16. Bg5 Rd7 17. Bf6 Bb7 18. Bxg7 Kxg7 19. Qg5 Ng8 20. Bd3 Qd8 21. Qg3 Nh6 22. h4 Nxd4 23. Nxd4 Qe7 24. h5 Rh8 25. f4 b4 26. f5 exf5 27. e6 Qd6 28. Qh4 Re7 29. exf7 Rxe1+ 30. Rxe1 Nxf7 31. Ne6+ Kg8 32. Qf6 1-0

[Event "Ivrea Eporediese op 29th"]
[Site "Ivrea"]
[Date "2012.03.22"]
[Round "9"]
[White "Gennaro, Isabella"]
[Black "Pane, Gabriele"]
[Result "1/2-1/2"]
[WhiteElo "1632"]
[BlackElo "1538"]
[PlyCount "89"]
[EventDate "2012.01.26"]
[EventType "swiss"]
[EventRounds "9"]
[EventCountry "ITA"]
[SourceTitle "EXT 2014"]
[Source "ChessBase"]
[SourceDate "2013.11.20"]
[SourceVersion "1"]
[SourceVersionDate "2013.11.20"]
[SourceQuality "1"]

1. e4 e6 2. d4 d5 3. Nd2 c5 4. exd5 Qxd5 5. Ngf3 cxd4 6. Nb3 Nc6 7. Nbxd4 Nxd4 8. Qxd4 Qxd4 9. Nxd4 Bd7 10. Be3 a6 11. 0-0-0 Nf6 12. f3 Nd5 13. Bf2 Bc5 14. Kb1 Rc8 15. Bd3 0-0 16. Bh4 Bxd4 17. Bxh7+ Kxh7 18. Rxd4 Bb5 19. Bf2 Rc6 20. a4 Bc4 21. b3 Nc3+ 22. Kb2 Bd5 23. Rd3 Rfc8 24. Rd2 Kg8 25. Re1 Kf8 26. Bd4 b5 27. axb5 Nxb5 28. c4 Bxc4 29. bxc4 Nxd4 30. Rxd4 Rxc4 31. Rxc4 Rxc4 32. Kb3 Rc5 33. Re4 Rb5+ 34. Rb4 Rxb4+ 35. Kxb4 Ke7 36. Ka5 Kd6 37. Kxa6 Ke5 38. Kb6 Kf4 39. Kc6 Ke3 40. Kd7 Kf2 41. Ke7 Kxg2 42. Kxf7 Kxf3 43. Kxe6 g5 44. Kf5 g4 45. Kg5 1/2-1/2

[Event "Piverone op 1st"]
[Site "Piverone"]
[Date "2012.03.11"]
[Round "4"]
[White "Lavino, Stefano"]
[Black "Gennaro, Isabella"]
[Result "1-0"]
[WhiteElo "1677"]
[BlackElo "1632"]
[PlyCount "67"]
[EventDate "2012.03.09"]
[EventType "swiss"]
[EventRounds "5"]
[EventCountry "ITA"]
[SourceTitle "EXT 2014"]
[Source "ChessBase"]
[SourceDate "2013.11.20"]
[SourceVersion "1"]
[SourceVersionDate "2013.11.20"]
[SourceQuality "1"]

1. Nf3 d5 2. d4 Nf6 3. g3 Bf5 4. Bg2 e6 5. 0-0 Bd6 6. c4 c5 7. Nc3 Nc6 8. cxd5 exd5 9. h3 c4 10. Re1 0-0 11. Nh4 Be6 12. e4 Bb4 13. Bg5 Be7 14. Bxf6 Bxf6 15. exd5 Bxh4 16. gxh4 Bxd5 17. Nxd5 Qxh4 18. Re4 Qd8 19. Rg4 Re8 20. Ne3 Na5 21. Rc1 Rc8 22. d5 b5 23. Qd4 g6 24. Nf5 f6 25. Ng3 Rc7 26. Re4 Rxe4 27. Nxe4 Rf7 28. Re1 Nc6 29. Qc5 Ne5 30. Qxb5 Qc7 31. Qc5 Qd7 32. Rd1 f5 33. Nd2 Qa4 34. Re1 1-0

[Event "Ivrea Eporediese op 29th"]
[Site "Ivrea"]
[Date "2012.02.09"]
[Round "3"]
[White "Gennaro, Isabella"]
[Black "Chiarotto, Filippo"]
[Result "0-1"]
[WhiteElo "1632"]
[BlackElo "2082"]
[PlyCount "66"]
[EventDate "2012.01.26"]
[EventType "swiss"]
[EventRounds "9"]
[EventCountry "ITA"]
[SourceTitle "EXT 2014"]
[Source "ChessBase"]
[SourceDate "2013.11.20"]
[SourceVersion "1"]
[SourceVersionDate "2013.11.20"]
[SourceQuality "1"]

1. e4 e6 2. d4 c5 3. Be3 cxd4 4. Bxd4 Nc6 5. Nf3 Nxd4 6. Nxd4 a6 7. Nc3 Qc7 8. Be2 Bb4 9. Qd2 Nf6 10. Bf3 0-0 11. 0-0 d6 12. Nde2 Bd7 13. a3 Bc5 14. Rad1 a5 15. Nf4 Bc6 16. Rfe1 Nd7 17. Nd3 Ne5 18. Nxe5 dxe5 19. Be2 Qb6 20. Bd3 Rad8 21. Rb1 Bd4 22. Kf1 f5 23. exf5 exf5 24. Bc4+ Kh8 25. a4 h6 26. Qe2 e4 27. Kg1 Qc5 28. Nb5 Bxf2+ 29. Qxf2 Qxc4 30. b3 Qb4 31. Nc7 Rd2 32. Re2 Rxe2 33. Qxe2 Qb6+ 0-1

[Event "Ivrea Autumn 22th"]
[Site "Ivrea"]
[Date "2011.11.14"]
[Round "8"]
[White "Castaldo, Antonio"]
[Black "Gennaro, Isabella"]
[Result "0-1"]
[WhiteElo "1693"]
[BlackElo "1588"]
[PlyCount "78"]
[EventDate "2011.09.??"]
[EventType "swiss"]
[EventRounds "8"]
[EventCountry "ITA"]
[SourceTitle "EXT 2024"]
[Source "ChessBase"]
[SourceDate "2023.10.10"]
[SourceVersion "1"]
[SourceVersionDate "2023.10.10"]
[SourceQuality "1"]

1. Nf3 d5 2. g3 c5 3. d3 Nf6 4. Bg2 Nc6 5. 0-0 e6 6. Nbd2 Be7 7. e4 0-0 8. Ne1 b5 9. e5 Nxe5 10. Qe2 Nc6 11. c3 a5 12. Ndf3 Qc7 13. Nc2 Ba6 14. Re1 Bd6 15. Bg5 Ng4 16. h3 Nge5 17. Nxe5 Bxe5 18. Qf3 b4 19. Bd2 bxc3 20. bxc3 Rab8 21. Rab1 Rxb1 22. Rxb1 Rb8 23. Rxb8+ Qxb8 24. c4 Ne7 25. cxd5 exd5 26. Bxa5 Qb1+ 27. Ne1 Qxa2 28. Bd8 Nc6 29. Bg5 Nb4 30. Bf1 f6 31. Be3 Bc3 32. Qe2 Qxe2 33. Bxe2 Bxe1 34. Bxc5 Nxd3 35. Bd4 Nb4 36. Kf1 Bxe2+ 37. Kxe2 Kf7 38. Bc5 Ke6 39. Kxe1 Nd3+ 0-1